Statistics for Guess the Country by National Motto #2

Click here to take the quiz!

General Stats

  • This quiz has been taken 3 times
  • The average score is 2 of 12

Answer Stats

MottoCountry% Correct
Order and progressBrazil
100%
You, ___, give me honor, give me the name ___Albania
33%
For God, Prince and FatherlandLiechtenstein
33%
Forward, Upward, Onward TogetherBahamas
0%
Through Reason Or By ForceChile
0%
We are the fortressEswatini
0%
All pull togetherKenya
0%
Fraternity, JusticeMauritania
0%
God's will firstNauru
0%
Unity, Work, PatriotismRwanda
0%
Unity, Freedom, SocialismSyria
0%
Freedom, Dignity, Order and JusticeTunisia
0%

Score Distribution

Percentile by Number Answered

Percent of People with Each Score

Your Score History

You have not taken this quiz